| 000 | 00512nam a2200193 a 4500 | ||
|---|---|---|---|
| 005 | 20140310183426.0 | ||
| 008 | 071009s19uu xx 00 eng d | ||
| 020 | _a0672328739 | ||
| 050 |
_aTK 5105.888 _b.M492 2007 |
||
| 100 | _aMeloni, Julie | ||
| 245 |
_aPHP, MySQL and Apache : _ball in one / |
||
| 250 | _a3rd ed. | ||
| 260 |
_aU.S.A : _bSams Publishing, _c2007. |
||
| 300 |
_a601 p. : _c25 cm. |
||
| 521 | _aIT | ||
| 650 | _aComputer programming language. | ||
| 942 |
_cBK _2lcc _kFOR |
||
| 999 |
_c22655 _d22655 |
||